000
00345 a2200169 4500
001
175144
020
_a
85-16-02038-X
040
_c
Magnum
100
_a
Venezia, Mike
240
1
0
_a
Pieter Bruegel
_l
por
245
1
0
_a
Pieter Bruegel
300
_a
32
362
0
_a
1997
440
1
_a
Moderna
697
_a
PINTORES E PINTURAS
942
_c
BK
999
_c
175144
_d
175144